| 000 | 01314nam a2200385 c 4500 | ||
|---|---|---|---|
| 001 | |||
| 003 | DO-SdBNP | ||
| 005 | 20220426085121.0 | ||
| 007 | 02750 | ||
| 008 | 151021s2008 dr | |||| 000 0 spa | ||
| 015 | _a | ||
| 017 |
_a _b |
||
| 020 | _a | ||
| 035 | _a | ||
| 040 |
_aBPMSU _bspa _cBPMSU _e |
||
| 080 | _a | ||
| 082 |
_a327.16 _bT172e 2008 _222 |
||
| 100 | 1 |
_aTapia Brea, Manuel _d1911-1970 |
|
| 240 | _a | ||
| 245 | 1 | 0 |
_aEnfoque internacional : 1966-1970 / _cManuel Tapia Brea ; editor Bolívar Tapia C. ; prólogo Leonel Fernández ; coordinación general y cuidado de edición José Chez Checo. _b |
| 260 |
_aSanto Domingo : _bBúho, _c2008 |
||
| 300 |
_a713 p. ; _c24 cm _b |
||
| 500 | _aIncluye índice onomástico | ||
| 504 | _aBibliográficas (p. 439-440). | ||
| 590 | _6Inventariado, 2022/VM | ||
| 650 | 4 |
_vEnsayos, conferencias, etc. _aConflictos internacionales |
|
| 650 | 4 |
_aRelaciones internacionales _vEnsayos, conferencias, etc |
|
| 650 | 4 |
_aPolítica internacional, _xSIGLO XX _vEnsayos, conferencias, etc |
|
| 650 | 4 |
_aDiarios dominicanos _vSecciones, columnas, etc |
|
| 700 | 1 |
_aTapia C., Bolívar _eeditor |
|
| 700 | 1 |
_aFernández, Leonel, _d1953- _eprólogo |
|
| 700 | 1 |
_aChez Checo, José, _d1949- _eeditor |
|
| 910 | _aVMateo V. | ||
| 942 |
_2ddc _cBK |
||
| 999 |
_c14161 _d14161 |
||